LEADER 00796nam a2200217 i 4500 001 000000106792 003 CaOOAMICUS 005 20180122000000.0 008 180122s1779 it u000 u ita u 013 $a78987 026 $al-ia ter- I.I. GuCa (3) 1779 (R) 040 $aSeMil$bita 245 10$aTomo 1. 300 $a[6], XLVI, 408 p., [1] carta di tav. :$bill. 500 $aSegn.: pg2 [a]-c8 A-2B8 2C4. 773 0 $aVerci, Giovanni Battista <1739-1795>$tStoria degli Ecelini di Giambatista Verci. Tomo 1. [-3.].$dIn Bassano : Nella Stamperia Remondini, 1779.$g1$w()6137 850 $aSeMil 852 $aSeMil$W1$xVenegono$y1$m3U III 17 FA$j62903$B62903$CSeMilBibl$Z2$F72123 $8I 941 1 $a10 961 $aRecupero: Mantegazza 996 $6245$aTomo 1$9(OLS)http://semarc/title/46685 LEADER 01143nam a2200241 i 4500 001 000000001356 003 CaOOAMICUS 005 20260421125246.0 008 180830s1950 it u000 u ita u 040 $aSeMil$bita 100 1 $aLeopardi, Giacomo,$d<1798-1837>.$0(OLS)http://semarc/name/1218 245 10$aOpere /$cGiacomo Leopardi ; [a cura di] Giuseppe De Robertis. 264 1$aMilano :$bRizzoli,$c1950. 300 $av. ;$c20 cm. 490 1 $aI classici Rizzoli 700 1 $aDe Robertis, Giuseppe,$d<1888-1963>.$0(OLS)http://semarc/name/1219 774 0 $aLeopardi, Giacomo <1798-1837>$tCanti ; Operette morali ; appendice alle operette morali ; Martirio de' Santi Padri ; volgarizzamenti ; pensieri ; Paralipomeni della batracomiomachia.$g1$w()75920 774 0 $aLeopardi, Giacomo <1798-1837>$tScritti vari ; lettere.$g2$w()75922 774 0 $aLeopardi, Giacomo <1798-1837>$tZibaldone scelto.$g3$w()75923 830 2$aI classici Rizzoli.$0(OLS)http://semarc/title/7352 996 $6245$aOpere$9(OLS)http://semarc/title/2208 996 $6264$aMilano :$bRizzoli$9(OLS)http://semarc/publisher/29824